Statistiques concernant Clubs de Ligue 2 2023-2024

Cliquez ici pour prendre le quiz!

Statistiques générales

  • Ce quiz a été pris 60 fois
    (43 depuis la dernière actualisation)
  • Le résultat moyen est 16 sur 20

Statistiques - réponses

Club% Correct
Saint-Etienne
97%
Bordeaux
90%
Paris FC
90%
Valenciennes
87%
Ajaccio
85%
Pau
85%
Amiens
82%
Auxerre
82%
Angers
79%
Caen
79%
Quevilly
79%
Rodez
79%
Bastia
77%
Concarneau
77%
Grenoble
77%
Laval
72%
Guingamp
69%
Dunkerque
67%
Troyes
64%
Sochaux
62%

Distribution des résultats

Percentile par nombre de réponses

% des personnes avec chaque résultat

Votre développement - résultats

Vous n’avez pas pris ce quiz depuis la dernière actualisation